Bài tập giải tích hàm /

में बचाया:
ग्रंथसूची विवरण
मुख्य लेखक: Nguyễn Xuân Liêm.
स्वरूप: Sách giấy
भाषा:Vietnamese
प्रकाशित: H. : Giáo dục, 2009.
संस्करण:Tái bản lần thứ tư.
विषय:
टैग : टैग जोड़ें
कोई टैग नहीं, इस रिकॉर्ड को टैग करने वाले पहले व्यक्ति बनें!
Thư viện lưu trữ: Thư viện Trường Đại học Đà Lạt
LEADER 00810nam a2200337 4500
001 DLU110122746
003 ##DLU
005 ##20110718
008 ##021230t vn z000 vie d
040 # # |a DLU  |b vie 
041 # # |a vie 
044 # # |a vn 
082 # # |a 515.707 6  |b NG-L 
100 # # |a Nguyễn Xuân Liêm. 
245 # # |a Bài tập giải tích hàm /  |c Nguyễn Xuân Liêm. 
250 # # |a Tái bản lần thứ tư. 
260 # # |a H. :  |b Giáo dục,  |c 2009. 
300 # # |a 327 tr. ;  |c  21cm. 
653 # # |a Bài tập 
653 # # |a Giải tích hàm 
923 # # |a 09/2011 
991 # # |a GT 
992 # # |a 28000 
994 # # |a DLU 
900 # # |a True 
911 # # |a Đào Thị Thu Huyền 
925 # # |a G 
926 # # |a A 
927 # # |a SH 
980 # # |a Thư viện Trường Đại học Đà Lạt